[Event "Cracovia 2008 op A"]
[Site "Krakow"]
[Date "2009.01.04"]
[Round "9.29"]
[White "Gumula, Daniel"]
[Black "Galyga, Zbigniew"]
[Result "1-0"]
[WhiteElo "2351"]
[BlackElo "2204"]
[PlyCount "63"]
[EventDate "2008.??.??"]

1. c4 f5 2. Nc3 Nf6 3. g3 e6 4. Bg2 d5 5. cxd5 exd5 6. d3 c6 7. Nf3 Be7 8. O-O
O-O 9. Rb1 Kh8 10. b4 a6 11. Be3 Ng4 12. Bd4 Nd7 13. e4 fxe4 14. dxe4 Ndf6 15.
exd5 Nxd5 16. Nxd5 cxd5 17. Rb2 Bf5 18. Ne5 Nf6 19. g4 Be4 20. f3 Bg6 21. f4
Be4 22. g5 Nd7 23. Nxd7 Bxg2 24. Nxf8 Bxf1 25. Ne6 Qd7 26. Nxg7 Bh3 27. Nf5+
Kg8 28. Nh6+ Kf8 29. Qd3 Rc8 30. Qxh7 Rc1+ 31. Kf2 Rf1+ 32. Kg3 1-0

[Event "Cracovia 2008 op A"]
[Site "Krakow"]
[Date "2009.01.04"]
[Round "9.30"]
[White "Samojlov, Anton"]
[Black "Muter, Donny"]
[Result "0-1"]
[WhiteElo "2331"]
[BlackElo "2190"]
[PlyCount "102"]
[EventDate "2008.??.??"]

1. c4 e6 2. Nc3 d5 3. d4 Nf6 4. Nf3 Bb4 5. Qa4+ Nc6 6. Bd2 O-O 7. e3 a6 8. a3
Bxc3 9. Bxc3 Ne4 10. Qc2 f5 11. Bd3 b6 12. O-O Bb7 13. b4 Nxc3 14. Qxc3 dxc4
15. Bxc4 Qd6 16. Rac1 Ne7 17. Ne5 Rac8 18. Rfd1 Rfd8 19. Qb2 Nd5 20. Qe2 a5 21.
Nd3 axb4 22. axb4 Re8 23. b5 Ra8 24. Rd2 Ra7 25. Ne5 Rea8 26. h3 Nf6 27. Ra2
Be4 28. Rca1 Rxa2 29. Rxa2 Rxa2 30. Qxa2 Bd5 31. Qa7 Bxc4 32. Nxc4 Qd8 33. Qb7
Kf8 34. Ne5 Ne8 35. g4 fxg4 36. hxg4 Qd5 37. Qc8 Ke7 38. e4 Qxb5 39. d5 exd5
40. exd5 Qxd5 41. Qf5 Qe6 42. Qh5 Nf6 43. Qg5 Kf8 44. Qf4 Kg8 45. g5 Ne8 46.
Ng4 c5 47. f3 b5 48. Qb8 b4 49. Ne5 Kf8 50. f4 b3 51. Qa7 b2 0-1

[Event "Cracovia 2008 op A"]
[Site "Krakow"]
[Date "2009.01.04"]
[Round "9.31"]
[White "Tokarski, Lukasz"]
[Black "Nasuta, Grzegorz"]
[Result "1-0"]
[WhiteElo "2302"]
[BlackElo "2081"]
[PlyCount "61"]
[EventDate "2008.??.??"]

1. e4 e5 2. Nf3 Nc6 3. Bb5 a6 4. Ba4 b5 5. Bb3 Na5 6. O-O d6 7. d4 Nxb3 8. axb3
f6 9. Nc3 Bb7 10. Qd3 Qd7 11. Rd1 Qc6 12. Nd5 Ne7 13. c4 Nxd5 14. exd5 Qd7 15.
c5 dxc5 16. dxe5 O-O-O 17. Qc2 Qg4 18. h3 Qh5 19. Qe4 Be7 20. Bf4 Rd7 21. Qe3
Rhd8 22. exf6 gxf6 23. Qe6 Kb8 24. Rxa6 Rxd5 25. Rxd5 Qxd5 26. Qxe7 Bxa6 27.
Qxc7+ Ka8 28. Qb6 Qd7 29. Qxa6+ Qa7 30. Qxb5 Rc8 31. Nd2 1-0

[Event "Cracovia 2008 op A"]
[Site "Krakow"]
[Date "2009.01.04"]
[Round "9.32"]
[White "Soozankar, A.M."]
[Black "Slabek, Grzegorz"]
[Result "1-0"]
[WhiteElo "2264"]
[BlackElo "2192"]
[PlyCount "73"]
[EventDate "2008.??.??"]

1. d4 Nf6 2. Nc3 d5 3. Nf3 Bf5 4. Bf4 c6 5. e3 e6 6. Ne5 Nbd7 7. g4 Be4 8. f3
Bg6 9. h4 h6 10. Nxg6 fxg6 11. Qd3 Kf7 12. Bh3 c5 13. g5 c4 14. Qe2 Nh5 15.
O-O-O hxg5 16. hxg5 Bb4 17. Nb5 Nf8 18. a3 Be7 19. Rdg1 Qa5 20. Nd6+ Kg8 21.
Nxb7 Qb6 22. Nc5 Bxc5 23. dxc5 Qxc5 24. Be5 Re8 25. Bg4 Nd7 26. Bd4 Qc7 27. f4
Nc5 28. Bxh5 gxh5 29. Rxh5 Rc8 30. Rxh8+ Kxh8 31. Qh5+ Kg8 32. g6 Nb3+ 33. cxb3
cxb3+ 34. Bc3 Qc4 35. Qh7+ Kf8 36. Qxg7+ Ke8 37. Rh1 1-0

[Event "Cracovia 2008 op A"]
[Site "Krakow"]
[Date "2009.01.04"]
[Round "9.34"]
[White "Obrusnik, Michal"]
[Black "Cechura, Petr"]
[Result "0-1"]
[WhiteElo "2181"]
[BlackElo "2249"]
[PlyCount "78"]
[EventDate "2008.??.??"]

1. e4 c5 2. Nf3 d6 3. d4 cxd4 4. Nxd4 a6 5. Nc3 e5 6. Nb3 Nf6 7. a4 b6 8. g3
Be7 9. Bg2 Bb7 10. O-O O-O 11. Nd5 Nbd7 12. Be3 Rc8 13. Nd2 Nxd5 14. exd5 f5
15. f4 e4 16. c4 Bf6 17. Rb1 b5 18. b3 Qc7 19. g4 fxg4 20. Qxg4 Nc5 21. axb5
axb5 22. b4 Na4 23. Nxe4 bxc4 24. Qe6+ Kh8 25. Nxd6 Rcd8 26. Nxb7 Qxb7 27. Qc6
Qe7 28. Rfe1 Nc3 29. Bc5 Qf7 30. Rbc1 Rfe8 31. Kh1 Ne2 32. Rcd1 c3 33. Qa4 Nxf4
34. Qc2 Rxe1+ 35. Rxe1 Nxg2 36. Qxg2 Rxd5 37. b5 h6 38. b6 Rxc5 39. Qa8+ Kh7
0-1

[Event "Cracovia 2008 op A"]
[Site "Krakow"]
[Date "2009.01.04"]
[Round "9.35"]
[White "Demidowicz, Maria"]
[Black "Tokarski, Bartosz"]
[Result "0-1"]
[WhiteElo "2093"]
[BlackElo "2249"]
[PlyCount "50"]
[EventDate "2008.??.??"]

1. e4 c5 2. Nf3 d6 3. d4 cxd4 4. Nxd4 Nf6 5. Nc3 a6 6. f3 e5 7. Nb3 Be6 8. Be3
h5 9. Qd2 Nbd7 10. O-O-O Rc8 11. g3 b5 12. Nd5 Bxd5 13. exd5 Nb6 14. Bxb6 Qxb6
15. Kb1 g6 16. Bg2 Bh6 17. Qd3 O-O 18. Rhf1 Rc4 19. c3 Rfc8 20. Nd2 Bxd2 21.
Rxd2 b4 22. cxb4 Qxb4 23. Qe2 Nxd5 24. Qf2 Nc3+ 25. Ka1 Ne4 0-1

[Event "Cracovia 2008 op A"]
[Site "Krakow"]
[Date "2009.01.04"]
[Round "9.36"]
[White "Kocwin, Bartosz"]
[Black "Kupczyk, Edyta"]
[Result "1-0"]
[WhiteElo "2260"]
[BlackElo "2123"]
[PlyCount "117"]
[EventDate "2008.??.??"]

1. e4 c5 2. Nf3 Nc6 3. d4 cxd4 4. Nxd4 Nf6 5. Nc3 e5 6. Ndb5 d6 7. Bg5 a6 8.
Na3 b5 9. Nd5 Be7 10. Bxf6 Bxf6 11. c3 O-O 12. Nc2 Rb8 13. Bd3 Bg5 14. h4 Be7
15. Qe2 Be6 16. Nce3 Qd7 17. g3 Bd8 18. b4 Bb6 19. a4 Bxe3 20. Nxe3 Ne7 21.
axb5 axb5 22. O-O Qc7 23. Rfc1 d5 24. exd5 Nxd5 25. Nxd5 Bxd5 26. Bxh7+ Kxh7
27. Qd3+ f5 28. Qxd5 f4 29. Ra6 Rbd8 30. Qe4+ Kg8 31. g4 f3 32. Qc6 Qxc6 33.
Rxc6 Rf4 34. Rg6 Rc8 35. Kh2 Rxb4 36. Re1 Rb2 37. Kg3 Re2 38. Rd1 Rf8 39. Rd7
Rf7 40. Rxf7 Kxf7 41. Rb6 Rb2 42. c4 b4 43. Kxf3 b3 44. Rb7+ Kg6 45. h5+ Kf6
46. Rb6+ Ke7 47. g5 Rc2 48. Ke4 Rxc4+ 49. Kxe5 Rc5+ 50. Kf4 Rc4+ 51. Kf5 Kf7
52. Rb7+ Kf8 53. Rxb3 Rc5+ 54. Kg6 Rc6+ 55. Kh7 Rc5 56. f4 Rf5 57. Rb8+ Kf7 58.
Rb7+ Kf8 59. h6 1-0

[Event "Cracovia 2008 op A"]
[Site "Krakow"]
[Date "2009.01.04"]
[Round "9.37"]
[White "Tofil, Borys"]
[Black "Rudnicki, Milosz"]
[Result "1/2-1/2"]
[WhiteElo "2132"]
[BlackElo "2232"]
[PlyCount "27"]
[EventDate "2008.??.??"]

1. e4 e5 2. Nf3 Nc6 3. Bb5 a6 4. Ba4 Nf6 5. O-O b5 6. Bb3 Be7 7. Re1 d6 8. c3
O-O 9. d4 Bg4 10. Be3 Na5 11. Bc2 Nc4 12. b3 Nxe3 13. Rxe3 exd4 14. Qxd4
1/2-1/2

[Event "Cracovia 2008 op A"]
[Site "Krakow"]
[Date "2009.01.04"]
[Round "9.38"]
[White "Pazderski, Ziemowit"]
[Black "Kumor, Lukasz"]
[Result "1-0"]
[WhiteElo "2209"]
[BlackElo "2105"]
[PlyCount "125"]
[EventDate "2008.??.??"]

1. d4 d5 2. Nf3 Bf5 3. c4 c6 4. Nc3 e6 5. Qb3 Qb6 6. c5 Qxb3 7. axb3 Nd7 8. b4
a6 9. Bf4 Rc8 10. e3 Ngf6 11. Be2 Be7 12. Nd2 O-O 13. Nb3 Ra8 14. Na5 Ra7 15.
O-O Ne4 16. f3 Nxc3 17. bxc3 f6 18. Rfe1 e5 19. Bg3 Rc8 20. Ra2 Bd8 21. Bf1 e4
22. Be2 Bc7 23. Kf2 Kf7 24. Rea1 Bxg3+ 25. hxg3 Rc7 26. g4 Bg6 27. f4 Kf8 28.
Rh1 Kg8 29. Nb3 Ra8 30. b5 cxb5 31. Bxb5 Be8 32. Bxd7 Bxd7 33. Kg3 Bb5 34. Rb1
Bd3 35. Rbb2 Bc4 36. Ra3 Bxb3 37. Raxb3 Ra7 38. Rb6 Rd7 39. Kh4 Kf7 40. g5
fxg5+ 41. Kxg5 a5 42. Ra2 Rd8 43. f5 a4 44. Ra3 Rc8 45. Rb4 Rca8 46. Kf4 Ra6
47. Rxb7+ Kf6 48. Rd7 Rb8 49. Rxd5 Rb3 50. Ra2 Ra5 51. Rd6+ Ke7 52. Kxe4 Rxc3
53. Rb6 a3 54. g4 h6 55. Re6+ Kd7 56. Rg6 Rb3 57. Rxg7+ Ke8 58. c6 Rc3 59. c7
Kf8 60. Rd7 h5 61. Rd8+ Ke7 62. c8=Q Rxc8 63. Rxc8 1-0

[Event "Cracovia 2008 op A"]
[Site "Krakow"]
[Date "2009.01.04"]
[Round "9.39"]
[White "Czarnecki, Wojciech"]
[Black "Englert, Jan"]
[Result "1/2-1/2"]
[WhiteElo "2132"]
[BlackElo "2162"]
[PlyCount "20"]
[EventDate "2008.??.??"]

1. c4 d6 2. g3 e5 3. Bg2 f5 4. Nc3 Nf6 5. d3 Be7 6. Nf3 O-O 7. O-O Qe8 8. Bg5
Nbd7 9. b4 Bd8 10. d4 e4 1/2-1/2

[Event "Cracovia 2008 op A"]
[Site "Krakow"]
[Date "2009.01.04"]
[Round "9.41"]
[White "Hermanowicz, Dominika"]
[Black "Machlowski, Slawomir"]
[Result "1-0"]
[WhiteElo "2084"]
[BlackElo "2154"]
[PlyCount "76"]
[EventDate "2008.??.??"]

1. e4 d5 2. exd5 Qxd5 3. Nc3 Qa5 4. d4 c6 5. Nf3 Bf5 6. Bc4 e6 7. Bd2 Qc7 8.
Qe2 Be7 9. O-O-O Nd7 10. Ne5 Ngf6 11. h3 Nxe5 12. dxe5 Nd7 13. g4 Bg6 14. f4 b5
15. Bb3 a5 16. f5 exf5 17. e6 Nc5 18. gxf5 Bxf5 19. exf7+ Kf8 20. Qf3 Qc8 21.
Rhe1 Nxb3+ 22. axb3 Kxf7 23. Ne4 Kg8 24. Ng3 Be6 25. Qe4 Bd6 26. Qxe6+ Qxe6 27.
Rxe6 Bxg3 28. Rg1 Bf2 29. Rg2 Bd4 30. Rxc6 h6 31. c3 Ba7 32. Bf4 g5 33. h4 Rf8
34. Bd2 Rf2 35. Rg4 Rf1+ 36. Kc2 Rg1 37. Re4 g4 38. Rc8+ Kh7 1-0

[Event "Cracovia 2008 op A"]
[Site "Krakow"]
[Date "2009.01.04"]
[Round "9.42"]
[White "Mrva, Vladimir"]
[Black "Goslawski, Michal"]
[Result "0-1"]
[WhiteElo "2149"]
[BlackElo "1902"]
[PlyCount "108"]
[EventDate "2008.??.??"]

1. e4 c5 2. Nf3 d6 3. Bb5+ Bd7 4. Bxd7+ Qxd7 5. c4 Nf6 6. Nc3 g6 7. d4 cxd4 8.
Nxd4 Bg7 9. f3 O-O 10. O-O Rc8 11. b3 e6 12. Bb2 d5 13. cxd5 exd5 14. e5 Ne8
15. f4 Nc6 16. Nce2 Rd8 17. Qd2 Bh6 18. Qe1 Rac8 19. Rf3 Bf8 20. Rh3 Ng7 21.
Qh4 h5 22. Rf3 Nxd4 23. Nxd4 Nf5 24. Nxf5 Qxf5 25. e6 fxe6 26. Rg3 Bc5+ 27. Kh1
Bf2 28. Qe7 Qf7 29. Qg5 Bxg3 30. hxg3 Qf5 31. Qe7 Qf7 32. Qb4 Rc2 33. Qd4 Rxb2
34. Qxb2 Qg7 35. Qc1 d4 36. Qe1 Qd7 37. Qe4 Kf7 38. Qd3 Qd5 39. Rc1 Rd7 40. Kg1
Qf5 41. Qxf5+ gxf5 42. Kf2 Kf6 43. Ke2 e5 44. fxe5+ Kxe5 45. Rh1 Rg7 46. Kf3 d3
47. Rxh5 Rd7 48. Rh1 Kd4 49. Kf4 Rd5 50. g4 fxg4 51. Kxg4 Kc3 52. Kf3 d2 53.
Ke2 Kc2 54. Rd1 Re5+ 0-1

[Event "Cracovia 2008 op A"]
[Site "Krakow"]
[Date "2009.01.04"]
[Round "9.43"]
[White "Drozdowski, Kacper"]
[Black "Kuciel, Wladyslaw"]
[Result "1/2-1/2"]
[WhiteElo "2039"]
[BlackElo "2142"]
[PlyCount "81"]
[EventDate "2008.??.??"]

1. e4 c5 2. Nf3 d6 3. d4 cxd4 4. Nxd4 Nf6 5. f3 a6 6. Be3 e5 7. Nb3 Be6 8. c4
Be7 9. Nc3 Nbd7 10. Bd3 Nh5 11. O-O Rc8 12. Nd5 Bxd5 13. cxd5 Bg5 14. Bf2 Nf4
15. Nc1 Qa5 16. Ne2 Nxd3 17. Qxd3 O-O 18. Nc3 Qb4 19. Rab1 b5 20. Be3 Qc4 21.
Qd2 Bxe3+ 22. Qxe3 b4 23. Na4 Qxa2 24. Nb6 Nxb6 25. Qxb6 Qc4 26. Qxd6 Qd4+ 27.
Kh1 Rc2 28. Qxa6 Rfc8 29. Rbd1 Qxb2 30. d6 Rf8 31. Rg1 Rd2 32. Qb6 Qc2 33. Rde1
Qd3 34. Qxb4 Qxd6 35. Qxd6 Rxd6 36. Rd1 Rxd1 37. Rxd1 g5 38. Kg1 Kg7 39. Kf2
Rh8 40. Rd2 h5 41. h3 1/2-1/2

[Event "Cracovia 2008 op A"]
[Site "Krakow"]
[Date "2009.01.04"]
[Round "9.44"]
[White "Muc, Marcin"]
[Black "Pietruszewski, Marcin"]
[Result "1/2-1/2"]
[WhiteElo "2139"]
[BlackElo "2027"]
[PlyCount "52"]
[EventDate "2008.??.??"]

1. d4 d5 2. c4 c6 3. Nf3 Nf6 4. Qc2 dxc4 5. Qxc4 Bf5 6. g3 Nbd7 7. Bg2 e6 8.
O-O Rc8 9. Nc3 a6 10. Qb3 Qb6 11. Qxb6 Nxb6 12. Nh4 Bc2 13. Bg5 h6 14. Bxf6
gxf6 15. Rac1 Bh7 16. Ne4 Bxe4 17. Bxe4 f5 18. Bg2 Bd6 19. e3 Ke7 20. Nf3 Rc7
21. Ne1 Rhc8 22. Nd3 Nd7 23. Rc2 c5 24. dxc5 Nxc5 25. Nxc5 Bxc5 26. Rfc1 b6
1/2-1/2

[Event "Cracovia 2008 op A"]
[Site "Krakow"]
[Date "2009.01.04"]
[Round "9.46"]
[White "Turcheniac, Mariya"]
[Black "Klim, Kamil"]
[Result "1/2-1/2"]
[WhiteElo "1979"]
[BlackElo "2249"]
[PlyCount "68"]
[EventDate "2008.??.??"]

1. e4 c5 2. Nf3 Nc6 3. d4 cxd4 4. Nxd4 Nf6 5. Nc3 d6 6. Be2 e5 7. Nb3 Be7 8.
O-O O-O 9. Kh1 a5 10. a4 Nb4 11. f4 b6 12. Bf3 Bb7 13. Rf2 Rc8 14. Be3 Nd7 15.
Rd2 Qe8 16. Nb5 exf4 17. Bxf4 Ne5 18. c3 Nbc6 19. Be2 f6 20. Nxd6 Bxd6 21. Rxd6
Qg6 22. Qd5+ Rf7 23. Bxe5 Nxe5 24. Rd8+ Rxd8 25. Qxd8+ Rf8 26. Qxb6 Bxe4 27.
Rg1 h5 28. Nd2 Ba8 29. Nf3 Qe4 30. Nxe5 Qxe2 31. Qe6+ Kh7 32. Qf5+ Kg8 33. Qe6+
Kh7 34. Qf5+ Kg8 1/2-1/2

[Event "Cracovia 2008 op A"]
[Site "Krakow"]
[Date "2009.01.04"]
[Round "9.47"]
[White "Marzano, Carlo"]
[Black "Golek, Jagoda"]
[Result "1/2-1/2"]
[WhiteElo "2188"]
[BlackElo "2028"]
[PlyCount "33"]
[EventDate "2008.??.??"]

1. Nc3 d6 2. d4 g6 3. e4 Bg7 4. Be3 c6 5. Qd2 b5 6. Bd3 a5 7. a4 b4 8. Nce2 Nd7
9. Nf3 Qc7 10. c4 Ba6 11. O-O Ngf6 12. h3 O-O 13. Rac1 Rfd8 14. Ng3 e5 15. b3
Re8 16. Rfe1 Rad8 17. Bc2 1/2-1/2

[Event "Cracovia 2008 op A"]
[Site "Krakow"]
[Date "2009.01.04"]
[Round "9.48"]
[White "Swiech, Przemyslaw"]
[Black "Kucypera, Malgorzata"]
[Result "1-0"]
[WhiteElo "2119"]
[BlackElo "2111"]
[PlyCount "87"]
[EventDate "2008.??.??"]

1. d4 Nf6 2. c4 c5 3. d5 b5 4. Nd2 g6 5. e4 d6 6. b3 Bg7 7. Bb2 O-O 8. cxb5 a6
9. b6 Qxb6 10. Bc4 e6 11. Ne2 exd5 12. exd5 a5 13. O-O Na6 14. Nc3 Nc7 15. Qf3
Nd7 16. Na4 Qb8 17. Bxg7 Kxg7 18. Ne4 Ne8 19. Qc3+ Kg8 20. f4 f5 21. Ng5 Ndf6
22. Qh3 Qa7 23. Rae1 Ne4 24. Nc3 N8f6 25. Ncxe4 Nxe4 26. Qh6 Qg7 27. Qxg7+ Kxg7
28. Nxe4 fxe4 29. Rxe4 a4 30. Re7+ Rf7 31. Re8 axb3 32. axb3 Bb7 33. Rxa8 Bxa8
34. Ra1 Bb7 35. g3 Bc8 36. Ra8 Bf5 37. Ra6 Rf6 38. Kf2 Kh6 39. h4 Kh5 40. Ra7
h6 41. Rg7 Kg4 42. Be2+ Kh3 43. Bf3 Rf8 44. Ra7 1-0

[Event "Cracovia 2008 op A"]
[Site "Krakow"]
[Date "2009.01.04"]
[Round "9.49"]
[White "Musialkiewicz, Jan"]
[Black "Wierzbicka, Wiktoria"]
[Result "1/2-1/2"]
[WhiteElo "2117"]
[BlackElo "2056"]
[PlyCount "147"]
[EventDate "2008.??.??"]

1. e4 c5 2. Nf3 d6 3. d4 cxd4 4. Nxd4 Nf6 5. Nc3 a6 6. h3 e6 7. g4 Nc6 8. Be3
Be7 9. Qe2 Qc7 10. Nxc6 bxc6 11. Bg2 Rb8 12. O-O-O Qb7 13. b3 Qb4 14. Qc4 Qxc4
15. bxc4 O-O 16. Kd2 Rb4 17. g5 Nd7 18. a3 Rb7 19. f4 Nb6 20. Kd3 Bd7 21. Rb1
Rfb8 22. Rb3 c5 23. Rhb1 Bc6 24. f5 exf5 25. Nd5 fxe4+ 26. Bxe4 Nxd5 27. Bxd5
Bxd5 28. cxd5 Rxb3+ 29. cxb3 f6 30. gxf6 Bxf6 31. Bf4 Rb6 32. Kc4 Kf7 33. Rf1
Ke7 34. b4 cxb4 35. axb4 Rb8 36. Bd2 h6 37. Re1+ Kd7 38. Rf1 Re8 39. Bxh6 Rc8+
40. Kb3 Rc3+ 41. Ka4 Ke7 42. Re1+ Kd7 43. Rf1 Ke7 44. Re1+ Kf7 45. Bf4 Rxh3 46.
Bxd6 Rd3 47. Bc5 Rxd5 48. Rf1 Rd2 49. Rf2 Rxf2 50. Bxf2 Bd8 51. b5 axb5+ 52.
Kxb5 Ke6 53. Kc4 Kf5 54. Kd3 Kg4 55. Ke2 Bc7 56. Bd4 g6 57. Kf2 Kh3 58. Bf6
Bg3+ 59. Kg1 Bh4 60. Bd4 Bg5 61. Kh1 Kg3 62. Be3 Bf4 63. Bf2+ Kh3 64. Bc5 g5
65. Be3 Kg3 66. Bf2+ Kf3 67. Bh4 g4 68. Bf2 Bg3 69. Bc5 Bf2 70. Bd6 Bg3 71. Bc5
Bf4 72. Bf2 Bg5 73. Be1 Be3 74. Bg3 1/2-1/2

[Event "Cracovia 2008 op A"]
[Site "Krakow"]
[Date "2009.01.04"]
[Round "9.50"]
[White "Hansen, Victor"]
[Black "Gawronski, Lukasz"]
[Result "0-1"]
[WhiteElo "2112"]
[BlackElo "2066"]
[PlyCount "40"]
[EventDate "2008.??.??"]

1. e4 c5 2. Nf3 Nc6 3. Bb5 Nf6 4. Nc3 g6 5. O-O Bg7 6. Re1 O-O 7. d4 cxd4 8.
Nxd4 Qc7 9. Be3 Ng4 10. Nd5 Qxh2+ 11. Kf1 Nxe3+ 12. fxe3 f5 13. e5 Qxe5 14. Bc4
e6 15. Nxc6 bxc6 16. Ne7+ Kh8 17. Nxc8 Raxc8 18. Qxd7 f4 19. e4 f3 20. Qxe6 Qh2
0-1

[Event "Cracovia 2008 op A"]
[Site "Krakow"]
[Date "2009.01.04"]
[Round "9.51"]
[White "Warakomska, Anna"]
[Black "Wisniowska, Klaudia"]
[Result "1-0"]
[WhiteElo "2169"]
[BlackElo "1988"]
[PlyCount "51"]
[EventDate "2008.??.??"]

1. e4 c5 2. Nf3 Nc6 3. d4 cxd4 4. Nxd4 e6 5. Nc3 a6 6. Be2 Nge7 7. Be3 b5 8.
O-O Nxd4 9. Bxd4 Nc6 10. Be3 Be7 11. Kh1 O-O 12. a3 Qc7 13. f4 Bb7 14. Bd3 b4
15. Na4 bxa3 16. bxa3 Na7 17. c4 Qc6 18. Rf2 Nc8 19. Bd4 f6 20. c5 d5 21. cxd6
Nxd6 22. Rc1 Nxe4 23. Rxc6 Nxf2+ 24. Bxf2 Bxc6 25. Qc2 Rac8 26. Bxh7+ 1-0

[Event "Cracovia 2008 op A"]
[Site "Krakow"]
[Date "2009.01.04"]
[Round "9.52"]
[White "Gluszko, Monika"]
[Black "Szromba, Krzysztof"]
[Result "1/2-1/2"]
[WhiteElo "1901"]
[BlackElo "2158"]
[PlyCount "97"]
[EventDate "2008.??.??"]

1. e4 c5 2. Nf3 Nc6 3. d4 cxd4 4. Nxd4 Nf6 5. Nc3 e5 6. Ndb5 d6 7. Bg5 a6 8.
Na3 b5 9. Nd5 Be7 10. Bxf6 Bxf6 11. c3 Rb8 12. Nc2 Bg5 13. a4 bxa4 14. Rxa4
Rxb2 15. Bxa6 Ne7 16. Ndb4 Qc7 17. Bb5+ Kf8 18. c4 Bb7 19. f3 Nc6 20. Nd5 Qb8
21. O-O h6 22. Qd3 Nd4 23. Nxd4 Rd2 24. Qb3 Bxd5 25. exd5 Rxd4 26. Rfa1 Ke7 27.
Ra7+ Kf6 28. R1a6 Rd8 29. f4 Bxf4 30. g3 g5 31. gxf4 gxf4 32. Qh3 Rg8+ 33. Kf1
Rg6 34. Qd7 Kg5 35. Qxf7 Qc8 36. Rd7 Qc5 37. h4+ Kh5 38. Qf5+ Kxh4 39. Qxg6
Rd1+ 40. Ke2 Qe3+ 41. Kxd1 Qf3+ 42. Kc2 Qe2+ 43. Kc3 Qe1+ 44. Kb3 Qe3+ 45. Kb4
Qd2+ 46. Ka3 Qc1+ 47. Kb3 Qe3+ 48. Kc2 Qe2+ 49. Kb3 1/2-1/2

[Event "Cracovia 2008 op A"]
[Site "Krakow"]
[Date "2009.01.04"]
[Round "9.53"]
[White "Deriabina, Svetlana"]
[Black "Chrzaszcz, Malvina"]
[Result "1-0"]
[WhiteElo "2066"]
[BlackElo "2010"]
[PlyCount "133"]
[EventDate "2008.??.??"]

1. d4 Nf6 2. c4 e6 3. Nc3 Bb4 4. Qc2 d5 5. cxd5 Qxd5 6. Nf3 Qf5 7. Qxf5 exf5 8.
Bd2 a6 9. e3 Be6 10. Bd3 Nc6 11. O-O O-O 12. a3 Bd6 13. b4 Ne7 14. Na4 Ne4 15.
Nc5 Bd5 16. Rfc1 b5 17. Be1 Nc8 18. a4 Na7 19. Nxa6 c6 20. Nc5 bxa4 21. Rxa4
Nb5 22. Rca1 Nc7 23. Nd2 Rxa4 24. Rxa4 Nc3 25. Ra1 g6 26. Nc4 N3b5 27. f3 Re8
28. Nxd6 Nxd6 29. Bg3 Ncb5 30. Kf2 Bc4 31. Bxd6 Nxd6 32. Rc1 Bd5 33. Nd7 Kg7
34. Ne5 Rc8 35. Nc4 Nxc4 36. Bxc4 Rb8 37. Bxd5 cxd5 38. Rb1 Rb5 39. Ke2 Kf6 40.
Kd3 Ke6 41. Kc3 Kd6 42. Ra1 Rb6 43. Ra5 Rc6+ 44. Rc5 Ra6 45. b5 Ra3+ 46. Kb4
Rxe3 47. Rc6+ Kd7 48. Kc5 Rb3 49. Ra6 Rb2 50. Ra7+ Ke6 51. b6 Rc2+ 52. Kb5 Rb2+
53. Kc6 Rc2+ 54. Kb7 Rxg2 55. Ka8 Rxh2 56. b7 Rb2 57. Ra6+ Ke7 58. b8=Q Rxb8+
59. Kxb8 h5 60. Kc7 f4 61. Kc6 Ke6 62. Kc5+ Kf5 63. Kxd5 g5 64. Rh6 h4 65. Kc4
g4 66. Rxh4 gxf3 67. Kd3 1-0

[Event "Cracovia 2008 op A"]
[Site "Krakow"]
[Date "2009.01.04"]
[Round "9.54"]
[White "Andrzejewska, Anna"]
[Black "Iwanow, Anna"]
[Result "1/2-1/2"]
[WhiteElo "2030"]
[BlackElo "1961"]
[PlyCount "35"]
[EventDate "2008.??.??"]

1. e4 c5 2. Nf3 d6 3. d4 cxd4 4. Nxd4 Nf6 5. Nc3 a6 6. f3 e6 7. Be3 b5 8. Qd2
Nbd7 9. Bd3 Bb7 10. O-O-O Rc8 11. Kb1 Nb6 12. g4 Be7 13. h4 Nbd7 14. Qe1 Ne5
15. g5 b4 16. Nce2 d5 17. Ng3 Qc7 18. h5 1/2-1/2

[Event "Cracovia 2008 op A"]
[Site "Krakow"]
[Date "2009.01.04"]
[Round "9.55"]
[White "Starczewska, Dominika"]
[Black "Motor, Marta"]
[Result "1/2-1/2"]
[WhiteElo "1842"]
[BlackElo "2065"]
[PlyCount "130"]
[EventDate "2008.??.??"]

1. e4 c5 2. Nf3 d6 3. d4 cxd4 4. Nxd4 Nf6 5. Nc3 a6 6. Bg5 e6 7. f4 Be7 8. Qf3
Qc7 9. O-O-O O-O 10. g4 b5 11. Rg1 Bb7 12. Bd3 Nbd7 13. Bxf6 Bxf6 14. Nce2 g6
15. g5 Bg7 16. Qh3 e5 17. Nb3 exf4 18. Nxf4 Ne5 19. Nd5 Bxd5 20. exd5 Rac8 21.
Nd2 Qa5 22. Kb1 Nc4 23. Bxc4 bxc4 24. c3 Qxd5 25. Qf3 Qxf3 26. Nxf3 Rb8 27. Kc2
Rb6 28. Rd2 Rfb8 29. Rb1 f5 30. b4 cxb3+ 31. axb3 Rc8 32. c4 Re8 33. Re1 Rxe1
34. Nxe1 h6 35. h4 hxg5 36. hxg5 Rc6 37. Ng2 Be5 38. Nh4 Kf7 39. Nf3 Kg7 40.
Rd5 Bg3 41. Rd3 Bf2 42. Kd2 Bc5 43. Kc3 Rb6 44. Rd1 Rb8 45. Nd4 Re8 46. Nc2 a5
47. Ra1 Re5 48. Kd3 Bb6 49. Rd1 Re4 50. Kc3 Bc5 51. Ra1 Re5 52. Kd3 Bb6 53. Rd1
f4 54. Nd4 Bxd4 55. Kxd4 Rf5 56. Rf1 Rxg5 57. Rxf4 Re5 58. Rf3 g5 59. Kc3 g4
60. Rd3 Re6 61. Rg3 Rg6 62. Kd4 Rg5 63. Ke4 Kg6 64. Kf4 Kf6 65. Rd3 Rf5+
1/2-1/2

[Event "Cracovia 2008 op A"]
[Site "Krakow"]
[Date "2009.01.04"]
[Round "9.56"]
[White "Hansen, Knut"]
[Black "Zakoscielna, Kinga"]
[Result "1/2-1/2"]
[WhiteElo "2076"]
[BlackElo "2147"]
[PlyCount "89"]
[EventDate "2008.??.??"]

1. d4 Nf6 2. Nf3 e6 3. Bf4 c5 4. e3 a6 5. Bd3 Nc6 6. c3 Be7 7. O-O Nh5 8. Bg3
Nxg3 9. fxg3 d5 10. Nbd2 cxd4 11. exd4 O-O 12. Kh1 b5 13. Ne5 Nxe5 14. dxe5 Rb8
15. Qe2 Bd7 16. a3 a5 17. Nf3 b4 18. axb4 axb4 19. c4 Ra8 20. cxd5 exd5 21. Nd4
Bc5 22. Nf3 Qe7 23. Qc2 g6 24. Rae1 Bg4 25. h3 Be6 26. Ra1 Ra7 27. Rfc1 Be3 28.
Re1 Rc8 29. Qe2 d4 30. Nd2 Rxa1 31. Rxa1 Bd5 32. Nf3 Bxf3 33. Qxf3 Qxe5 34. Ra8
Rxa8 35. Qxa8+ Kg7 36. Qf3 Qc7 37. b3 Qc1+ 38. Qf1 Qxf1+ 39. Bxf1 g5 40. g4 Bf2
41. Kh2 Kf6 42. g3 Ke5 43. Bd3 h6 44. Kg2 Be1 45. Kf3 1/2-1/2

[Event "Cracovia 2008 op A"]
[Site "Krakow"]
[Date "2009.01.04"]
[Round "9.57"]
[White "Sliwerski, Radoslaw"]
[Black "Siwiec, Arkadiusz"]
[Result "1/2-1/2"]
[WhiteElo "2120"]
[BlackElo "2095"]
[PlyCount "88"]
[EventDate "2008.??.??"]

1. d4 Nf6 2. c4 c5 3. Nf3 cxd4 4. Nxd4 g6 5. Nc3 Bg7 6. g3 O-O 7. Bg2 d6 8. O-O
Nc6 9. Nxc6 bxc6 10. Bxc6 Rb8 11. Bg2 Qa5 12. Nb5 Be6 13. Nd4 Bxc4 14. Nc6 Qb5
15. a4 Qa6 16. Nxb8 Rxb8 17. Re1 Nd7 18. Bd5 Nc5 19. Be3 Bxb2 20. Rb1 Nxa4 21.
Bxc4 Qxc4 22. Bxa7 Ra8 23. Be3 Rc8 24. Qd3 Qxd3 25. exd3 e6 26. Re2 Bf6 27. Ra2
Nc3 28. Rc1 Rd8 29. Rac2 Nd5 30. Bh6 Ne7 31. g4 Bg7 32. Be3 Kf8 33. Bb6 Rd7 34.
Rc7 Rxc7 35. Bxc7 Be5 36. Rb1 Nd5 37. Bb8 Kg7 38. Rb7 Nf4 39. Rd7 Nxd3 40. Bxd6
Bxd6 41. Rxd6 Nf4 42. f3 h5 43. gxh5 Nxh5 44. Rd7 Kf6 1/2-1/2

[Event "Cracovia 2008 op A"]
[Site "Krakow"]
[Date "2009.01.04"]
[Round "9.58"]
[White "Pietrzak, Wojciech"]
[Black "Pipala, Janusz"]
[Result "1-0"]
[WhiteElo "1912"]
[BlackElo "2086"]
[PlyCount "89"]
[EventDate "2008.??.??"]

1. e4 e5 2. Nf3 Nc6 3. Bb5 d6 4. O-O Bd7 5. c3 Nf6 6. Re1 a6 7. Ba4 Qe7 8. d3
g6 9. h3 Bg7 10. Nbd2 Nh5 11. Nf1 Nf4 12. Bxf4 exf4 13. Qd2 g5 14. Bxc6 bxc6
15. Nd4 Kf8 16. Nf5 Bxf5 17. exf5 Qf6 18. Qe2 h5 19. Qe4 d5 20. Qb4+ Qd6 21.
Qb7 Rd8 22. Qxa6 Bf6 23. d4 g4 24. Qd3 Rg8 25. a4 c5 26. hxg4 hxg4 27. dxc5
Qxc5 28. Qb5 Qa7 29. Qb4+ Rd6 30. Qxf4 d4 31. cxd4 Bxd4 32. Red1 f6 33. Rd2 Ke7
34. Rad1 Be5 35. Qc4 Rg7 36. Rxd6 cxd6 37. Rc1 Qd7 38. Ne3 Bxb2 39. Rb1 Qb7 40.
Qe2 g3 41. Rxb2 gxf2+ 42. Qxf2 Qc6 43. Nd5+ Kf7 44. Qa7+ Kg8 45. Nxf6+ 1-0